Sąsiedzi miasta Mysłowice - Statystyki

Ogólne statystyki
  • Ten quiz został rozwiązany 128 razy
  • Średni wynik to 5 z 5
Statystyki odpowiedzi
Ludność
(r. 2021)
Sąsiad % Poprawnych
290 553 Katowice
100%
197 586 Sosnowiec
99%
90 368 Jaworzno
92%
16 807 Lędziny
84%
8894 Imielin
80%
Nie znaleziono quizów pasujących do podanych kryteriów
Rozkład punktacji
Procent ludzi z każdym wynikiem
Percentyl według liczby udzielonych odpowiedzi
Twoja historia wyników
Nie rozwiązałeś tego quizu